000 01063nam a22002295i 4500
001 153093
003 ES-MaACL
005 20230906205024.0
008 941221s1799 sp |||| | spa d
040 _aCARM
_bspa
100 1 _aChardon, Charles-Mathias.
_9126456
245 1 0 _aHistoria de los sacramentos
_b: donde se refiere el modo observado por la Iglesia en su celebración y administración... /
_cescrita en frances por el R.P.D. Carlos Chardon, religioso Benedictino... ; traducida con adiciones y notas por... Fr. Alberico Echandi monge Cisterciense..., y Don Juan de Campo y Oliva... ; Tomo segundo...
260 _aMadrid :
_ben la Imprenta Real, por D. Pedro Pereyra...,
_c1799.
300 _a[2] en bl., V, [1] en bl., 295, [1] p. en bl. ;
_c8º.
597 _aSign. : []4, A-S8, T4.
650 4 _aConfirmación.
_9135809
650 0 4 _aSacramentos.
_916963
700 1 _aEchandi, Aberico.
_9126913
700 0 _aCampo y Oliva, Juan de.
_934226
852 _aES-MaACL
_jR-1264-71
_z-- Enc. hol.
_x Olim: G-13273-80
999 _c153093
_d153093